| 000 | 00619nam a22002057a 4500 | ||
|---|---|---|---|
| 003 | OSt | ||
| 005 | 20180116183019.0 | ||
| 008 | 151030b xxu||||| |||| 00| 0 eng d | ||
| 020 | _a9788131308189 | ||
| 040 | _c0 | ||
| 082 | _a658.003 DHA 2015 | ||
| 100 | _aPradeep Rohilla | ||
| 245 |
_aEncyclopedia of Management _bHuman Resource Management _cPradeep Rohilla |
||
| 260 |
_aNew Delhi _bAPH Publishing Corporation _c2015 |
||
| 300 |
_a266 p. _bHB _c1 to 8 Set Vol. |
||
| 440 | _aEncyclopedia of Management | ||
| 600 | _aPradeep Rohilla | ||
| 700 | _aRohit Dhawan Satish Pande Sunil jain | ||
| 942 |
_2ddc _cBK |
||
| 999 |
_c350511 _d350511 |
||